ბათუმის შოთა რუსთაველის სახელმწიფო უნივერსიტეტის ბიბლიოთეკა

დიპლომატია (ბიბ.ჩანაწერი № 51623)

000 -LEADER
fixed length control field 00726nam a2200253Ia 4500
001 - CONTROL NUMBER
control field 18614
003 - CONTROL NUMBER IDENTIFIER
control field GE_BSU
008 - FIXED-LENGTH DATA ELEMENTS--GENERAL INFORMATION
fixed length control field 181216s||||||||xx |||||||||||||| ||und||
020 ## - INTERNATIONAL STANDARD BOOK NUMBER
International Standard Book Number 999400008X
040 ## - CATALOGING SOURCE
Transcribing agency GE_BSU
080 ## - UNIVERSAL DECIMAL CLASSIFICATION NUMBER
Universal Decimal Classification number 327
100 ## - MAIN ENTRY--PERSONAL NAME
Personal name ჭიპაშვილი, ჰამლეტ
245 ## - TITLE STATEMENT
Title დიპლომატია
245 ## - TITLE STATEMENT
Statement of responsibility, etc. რედ. გულბაათ რცხილაძე
260 ## - PUBLICATION, DISTRIBUTION, ETC.
Place of publication, distribution, etc. თბილისი
260 ## - PUBLICATION, DISTRIBUTION, ETC.
Name of publisher, distributor, etc. ინოვაცია პლიუსი
260 ## - PUBLICATION, DISTRIBUTION, ETC.
Date of publication, distribution, etc. 2007
300 ## - PHYSICAL DESCRIPTION
Extent 608გვ.22სმ.
653 ## - INDEX TERM--UNCONTROLLED
Uncontrolled term დიპლომატია
653 ## - INDEX TERM--UNCONTROLLED
Uncontrolled term პოლიტიკა
653 ## - INDEX TERM--UNCONTROLLED
Uncontrolled term ქსეროქსი
942 ## - ADDED ENTRY ELEMENTS (KOHA)
Koha item type წიგნი
ეგზემპლარები
Withdrawn status Lost status Damaged status Not for loan Date acquired Barcode Date last seen Price effective from Koha item type Public note
        2018-12-17 00361 ქსეროქსი 2018-12-17 2018-12-17 წიგნი ქსეროქსი